Поклон бессмертию: роман; пер. с киргиз.; Прощание с любовью; Горыв не смыкают глаз

Библиографические подробности
Главный автор: Мияшев Т. Таш
Язык:русский
Опубликовано: Москва, Советский писатель, 1987
Содержание:Прощание с любовью; Горыв не смыкают глаз;
Предметы:
Формат: Книга
Запись в KOHA:https://koha.lib.tpu.ru/cgi-bin/koha/opac-detail.pl?biblionumber=319477

MARC

LEADER 00000nam0a2200000 4500
001 319477
005 20231102003202.0
035 |a (RuTPU)RU\TPU\book\344986 
090 |a 319477 
100 |a 20160601d1987 m y0rusy50 ca 
101 1 |a rus  |c kir 
102 |a RU 
105 |a y z 000ay 
200 1 |a Поклон бессмертию  |e роман  |e пер. с киргиз.  |f Т. Мияшев 
210 |a Москва  |c Советский писатель  |d 1987 
215 |a 352 с. 
464 |t Прощание с любовью; Горыв не смыкают глаз  |o повести 
606 1 |a Киргизская литература  |2 stltpush  |3 (RuTPU)RU\TPU\subj\14393  |9 40792 
610 1 |a художественная литература 
610 1 |a романы 
610 1 |a повести 
610 1 |a Великая Отечественная война 1941-1945 
610 1 |a военная проза 
675 |a 894.341  |v 4 
700 1 |a Мияшев  |b Т.  |g Таш 
801 1 |a RU  |b 63413507  |c 20160601 
801 2 |a RU  |b 63413507  |c 20200521  |g RCR 
942 |c BK